[Event "AUTO-OPEN-461"]
[Site "http://www.queenalice.com/game.php?id=133982"]
[Date "2006.11.26"]
[Round "1"]
[White "krikor"]
[Black "douglasmy"]
[Result "0-1"]
[WhiteElo "980"]
[BlackElo "1747"]

1. e4 e6 2. c4 Bc5 3. b4 Bd4 4. Nc3 Qf6 5. Nf3 Bxc3 6. dxc3 Qxc3+ 7. Bd2 Qf6 8.
Ng5 h6 9. Nh3 Ne7 10. Bf4 e5 11. Be3 d6 12. Rc1 Bxh3 13. gxh3 Nbc6 14. Qd2 Ng6
15. b5 Nce7 16. c5 Nh4 17. Bg2 Nxg2+ 18. Kf1 Nxe3+ 19. Qxe3 O-O 20. cxd6 cxd6
21. Rc7 b6 22. Rd7 Rfd8 23. Rb7 Ng6 24. Rg1 Nf4 25. Rg4 Ne6 26. h4 Nd4 27. Rc7
Nxb5 28. Rc6 Nd4 29. h5 Nxc6 30. f4 exf4 31. Rxf4 Qa1+ 32. Qe1 Qxe1+ 33. Kxe1 d5
34. exd5 Rxd5 0-1

[Event "Challenge"]
[Site "http://www.queenalice.com/game.php?id=140872"]
[Date "2006.12.13"]
[Round "-"]
[White "krikor"]
[Black "saturnin"]
[Result "0-1"]
[WhiteElo "936"]
[BlackElo "1318"]

1. e3 Nf6 2. Nc3 d5 3. Bb5+ c6 4. Ba4 Bg4 5. f3 Bf5 6. g4 Bg6 7. b3 Na6 8. Nh3
b5 9. Nxb5 e5 10. g5 Nd7 11. Nc3 d4 12. exd4 c5 13. Ne4 cxd4 14. f4 Bxe4 15. Qe2
Bxh1 16. fxe5 Nb4 17. Qb5 Nxc2+ 18. Kd1 Nxa1 19. Nf2 Bf3+ 20. Ke1 Rc8 21. Bb2
Rc5 22. Qxd7+ Qxd7 23. Nh3 Bc6 24. Bxc6 Rxc6 25. Nf2 Nc2+ 26. Ke2 Re6 27. Ng4
d3+ 28. Kd1 Qc6 29. Ne3 Nxe3+ 30. dxe3 Qh1+ 0-1

[Event "AUTO-BEG-55"]
[Site "http://www.queenalice.com/game.php?id=148465"]
[Date "2006.12.31"]
[Round "1"]
[White "celsolim"]
[Black "krikor"]
[Result "1-0"]
[WhiteElo "1198"]
[BlackElo "925"]

1. e4 e6 2. Nc3 Qh4 3. Nf3 Qg4 4. h3 Qg6 5. d4 Nc6 6. Bd3 Qxg2 7. Rh2 Qg6 8. e5
Qh5 9. Ne4 Bb4+ 10. c3 Ba5 11. Ng3 Nxd4 12. Nxh5 Nxf3+ 13. Qxf3 g6 14. Nf6+ Kf8
15. h4 c5 16. Be3 b6 17. h5 Rb8 18. hxg6 fxg6 19. Nxd7+ Ke8 20. Nxb8 Ne7 21. Qf6
Rf8 22. Bb5+ Bd7 23. Bxd7+ 1-0

[Event "AUTO-BEG-55"]
[Site "http://www.queenalice.com/game.php?id=148466"]
[Date "2006.12.31"]
[Round "1"]
[White "krikor"]
[Black "celsolim"]
[Result "0-1"]
[WhiteElo "925"]
[BlackElo "1205"]

1. e3 e5 2. b3 g6 3. c4 Bg7 4. Ba3 e4 5. Qg4 Bxa1 6. Qxe4+ Ne7 7. Be2 d6 8. Nh3
Bxh3 9. Qxb7 Nbc6 10. gxh3 O-O 11. c5 Be5 12. cxd6 Bxd6 13. Qb5 Rb8 14. Qg5 Nb4
15. Bh5 Qd7 16. Qf6 Nc2+ 17. Ke2 Bxa3 18. Bg4 Qb5+ 19. Kd1 Qc5 20. d4 Rbd8 21.
Kd2 Nxd4 0-1

[Event "AUTO-BEG-55"]
[Site "http://www.queenalice.com/game.php?id=148479"]
[Date "2006.12.31"]
[Round "1"]
[White "krikor"]
[Black "javierqz"]
[Result "0-1"]
[WhiteElo "936"]
[BlackElo "1362"]

1. e3 e5 2. c3 d5 3. Qa4+ Bd7 4. Bb5 c6 5. Bd3 Nf6 6. Nf3 e4 7. Bxe4 Nxe4 8. d3
Nc5 9. Qb4 Nxd3+ 10. Kd2 Nxb4 11. cxb4 Bxb4+ 12. Kc2 Bf5+ 13. Kb3 Qb6 14. a3
Bd2+ 15. Ka2 Bxb1+ 16. Rxb1 Bxc1 17. Rbxc1 O-O 18. Ne5 Qc7 19. Rhd1 Qxe5 20. Rc3
Qxh2 21. e4 dxe4 22. Rd7 Nxd7 0-1

[Event "AUTO-BEG-55"]
[Site "http://www.queenalice.com/game.php?id=148480"]
[Date "2006.12.31"]
[Round "1"]
[White "javierqz"]
[Black "krikor"]
[Result "1-0"]
[WhiteElo "1362"]
[BlackElo "936"]

1. d4 e6 2. e4 Qh4 3. Nc3 Bb4 4. e5 Nc6 5. Nf3 Qe7 6. a3 Bxc3+ 7. bxc3 b6 8. Bd3
d5 9. O-O Na5 10. Bg5 Qd7 11. Nd2 f6 12. exf6 gxf6 13. Bh4 Nc4 14. Nxc4 dxc4 15.
Bxc4 Bb7 16. Re1 Bd5 17. Bxd5 Qxd5 18. Qg4 Qf5 19. Qxf5 Ne7 20. Qxe6 Kf8 21.
Qxe7+ 1-0

[Event "AUTO-BEG-55"]
[Site "http://www.queenalice.com/game.php?id=148481"]
[Date "2006.12.31"]
[Round "1"]
[White "krikor"]
[Black "MarcosSP41"]
[Result "0-1"]
[WhiteElo "929"]
[BlackElo "1438"]

1. e3 e5 2. b3 d5 3. Bb5+ c6 4. Bd3 Nf6 5. f4 e4 6. Bf1 h5 7. Ba3 Bg4 8. Be2 Qa5
9. h3 Bxe2 10. Nxe2 Bxa3 11. Nxa3 Qxa3 12. Nd4 a5 13. Qc1 Qxc1+ 14. Rxc1 Na6 15.
Nf5 Nb4 16. Nxg7+ Kf8 17. a3 Na2 18. Ra1 Kxg7 19. Rxa2 h4 20. g4 b5 21. g5 Nh5
22. f5 Ng3 23. f6+ Kg6 24. c4 Nxh1 25. cxd5 cxd5 26. Kf1 Kxg5 27. Rc2 Rac8 28.
Rxc8 Rxc8 0-1

[Event "AUTO-BEG-55"]
[Site "http://www.queenalice.com/game.php?id=148482"]
[Date "2006.12.31"]
[Round "1"]
[White "MarcosSP41"]
[Black "krikor"]
[Result "1-0"]
[WhiteElo "1436"]
[BlackElo "931"]

1. e4 e6 2. Bc4 Qh4 3. d3 a6 4. Nf3 Qg4 5. Rg1 b5 6. Bb3 Bb4+ 7. c3 Bc5 8. h3
Qh5 9. Bg5 f6 10. Bd2 Nc6 11. d4 Bd6 12. c4 Bb4 13. Nc3 bxc4 14. Bxc4 Rb8 15. g4
Qg6 16. g5 Bxc3 17. Bxc3 Qxe4+ 18. Kf1 d5 19. Bd3 Qf4 20. Qa4 Ne7 21. Be2 e5 22.
dxe5 Bxh3+ 23. Ke1 Qxa4 24. exf6 Rb3 25. Kd2 d4 26. fxg7 Rg8 27. g6 dxc3+ 28.
bxc3 Rxg7 29. axb3 Qxb3 30. Rxa6 Rxg6 31. Ra8+ Bc8 32. Ba6 Qb2+ 33. Kd3 Qxf2 34.
Rh1 1-0

[Event "AUTO-BEG-60"]
[Site "http://www.queenalice.com/game.php?id=153871"]
[Date "2007.1.14"]
[Round "1"]
[White "krikor"]
[Black "flu"]
[Result "0-1"]
[WhiteElo "921"]
[BlackElo "1431"]

1. e3 e5 2. b4 g6 3. Nf3 Bg7 4. Bb2 d5 5. Bxe5 Nf6 6. Bb5+ Nc6 7. Nd4 O-O 8.
Bxc6 Qe7 9. c3 Ng4 10. Bxg7 Qh4 11. g3 Qe7 0-1

[Event "AUTO-BEG-60"]
[Site "http://www.queenalice.com/game.php?id=153872"]
[Date "2007.1.14"]
[Round "1"]
[White "flu"]
[Black "krikor"]
[Result "1-0"]
[WhiteElo "1100"]
[BlackElo "931"]

1. e4 Nf6 2. Nc3 c5 3. Bc4 h5 4. Nf3 Nc6 5. d4 cxd4 6. Nxd4 e5 7. Nxc6 bxc6 8.
Bg5 Rb8 9. b3 Qa5 10. Qf3 Ng4 11. Qxf7# 1-0